=LDR 00000nam 2200000 4500 =001 INLIS000000001052276 =005 20240822075857 =035 ##$$a 0010-0824000094 =007 ta =008 240822################a##########j###### =020 ##$$a 978-89-6329-587-9 =082 ##$$a 028.55 =084 ##$$a 028.55 YOO s =100 #$$a Yoo Young-so =245 1#$$a Saunanya panas /$c Yoo Young-so; ilustrator, Dahye Choi =260 ##$$a Gyeonggi-do :$b Korea Tolstoi,$c 2008 =300 ##$$a 31 hlm. : $b ilus. ; $c 26 cm =650 #4$$a Bacaan kanak-kanak =700 #$$a Dahye Choi (ilustrator) =990 ##$$a 3202401657 =990 ##$$a 3202401657